| 000 | 00557nam a2200193 a 4500 | ||
|---|---|---|---|
| 001 | 24009 | ||
| 003 | CO-ViMGA | ||
| 008 | 141112s2004 ck r 000 u spa d | ||
| 020 | _a9789588618081 | ||
| 040 |
_aCO-ViMGA _bspa _cCO-ViMGA |
||
| 082 | 0 | 4 | _a248.4 B821c |
| 100 | 1 |
_aBucay, Jorge _934900 |
|
| 245 | 1 | 0 |
_aJorge Bucay : _bEn el camino de la espiritualidad : _bllegar a la cima y seguir subiendo / _cJorge Bucay |
| 260 |
_aColombia : _bGrijaldo |
||
| 300 | _a364p. | ||
| 650 | 1 | 4 | _aESPIRITUALIDAD |
| 650 | 1 | 4 |
_aVIDA ESPIRITUAL _917582 |
| 942 |
_2ddc _cBK |
||
| 999 |
_c32069 _d32069 |
||